|
|
|
|
| LEADER |
00000cam a2200000 7i4500 |
| 001 |
0000012517 |
| 005 |
20241021.0 |
| 008 |
030911 maua eng |
| 020 |
|
|
|a 1564963640
|
| 040 |
|
|
|a INS
|b eng
|e rda
|
| 090 |
0 |
0 |
|a HF5415
|b B47 1998
|
| 245 |
0 |
4 |
|a The best direct response design
|
| 260 |
|
|
|a Massachusetts :
|b Rock Port Publishers ,
|c 1998
|
| 264 |
3 |
0 |
|a Best direct design response
|
| 264 |
3 |
0 |
|a Direct response design
|
| 300 |
|
|
|a 160 pages :
|b colour illustrations ;
|c 28 cm.
|
| 336 |
|
|
|a text
|2 rdacontent
|
| 337 |
|
|
|a unmediated
|2 rdamedia
|
| 338 |
|
|
|a volume
|2 rdacarrier
|
| 650 |
|
0 |
|a Advertising layout and typography
|
| 650 |
|
0 |
|a Graphic design (Typography)
|
| 650 |
|
0 |
|a Layout (Printing)
|
| 999 |
|
|
|a 0000011828
|b BOOK
|c Open Shelf
|e Default branch
|